000 00820cam a22002531 4500
001 4186
003 BD-RjUL
005 20211208233841.0
008 131222s1966 nyua b 001 0 eng
035 _a(BD-RjUL)4220
040 _aDLC
_cODaWU
_dOCoLC
_dDLC
_dBD-RjUL
_beng
041 _aeng
082 _a332.15
_bROG 1966
_223
100 1 _aRolfe, Sidney E.
_913276
245 1 0 _aGold and world power :
_bthe dollar, the pound, and the plans for reform /
_cSidney E. Rolfe, with the assistance of Robert G. Hawkins.
260 _aNew York :
_bHarper & Row,
_cc1966.
300 _aviii, 276 p. ;
_c22 cm.
500 _aIncludes index.
504 _aBibliography: p. 264-268.
650 0 _aBalance of payments
_zUnited States.
_911756
700 _aHawkins, Robert G.
_9134182
942 _2ddc
_cBK
999 _c4186
_d4186